Las Privatizaciones en Centroamérica II
Sábháilte in:
| Formáid: | Téacs |
|---|---|
| Ábhair: | |
| Clibeanna: |
Cuir clib leis
Níl clibeanna ann, Bí ar an gcéad duine le clib a chur leis an taifead seo!
|
MARC
| LEADER | 00000 a a2200000 04500 | ||
|---|---|---|---|
| 001 | 6598 | ||
| 003 | |||
| 040 | |||
| 245 | |a Las Privatizaciones en Centroamérica II | ||
| 650 | |a PRIVATIZACION | ||
| 650 | |a PARTICIPACION DEL ESTADO | ||
| 650 | |a SERVICIOS PUBLIOCS | ||
| 650 | |a TELECOMUNICACIONES | ||
| 773 | |g volumen 23, número 1012; páginas 11-12 | ||
| 999 | |c 19717 |d 19717 | ||
